Statistics for 東武鉄道 行先クイズ

Click here to take the quiz!

General Stats

  • This quiz has been taken 969 times
    (632 since last reset)
  • The average score is 59 of 71

Answer Stats

HintAnswer% Correct
東武スカイツリーライン浅草
98%
北千住
97%
春日部
96%
春日部
96%
東武動物公園
96%
伊勢崎線東武動物公園
96%
亀戸
95%
東武日光
94%
東京メトロ有楽町線池袋
94%
東上線池袋
94%
東武アーバンパークライン大宮
93%
鬼怒川温泉
93%
東武宇都宮
92%
日光線南栗橋
91%
中央林間
90%
90%
久喜
90%
伊勢崎
90%
東京メトロ日比谷線中目黒
90%
船橋
90%
大師前
90%
押上
89%
越生
89%
大師線西新井
89%
亀戸線曳舟
88%
川越市
88%
森林公園
88%
小川町
87%
新木場
86%
寄居
86%
横浜高速みなとみらい線元町・中華街
85%
長津田
84%
下今市
84%
北越谷
84%
鬼怒川線下今市
84%
佐野線館林
82%
館林
82%
栃木
82%
小泉線館林
82%
北春日部
82%
JR湘南新宿ライン新宿
81%
JR只見線会津若松
81%
相鉄本線海老名
81%
新藤原
81%
新栃木
80%
志木
80%
宇都宮線新栃木
80%
相鉄いずみ野線湘南台
79%
竹ノ塚
79%
西小泉
79%
太田
77%
桐生線太田
77%
成増
77%
会津鉄道会津田島
76%
岩槻
76%
東急東横線武蔵小杉
74%
恵比寿
74%
越生線坂戸
74%
運河
73%
東小泉
72%
新鹿沼
72%
東急田園都市線鷺沼
71%
鬼怒川公園
71%
赤城
70%
南千住
69%
葛生
69%
七光台
69%
野岩鉄道会津高原尾瀬口
65%
上福岡
62%
六本木
58%
高柳
52%

Score Distribution

Percentile by Number Answered

Percent of People with Each Score

Your Score History

You have not taken this quiz since the last reset